000 00356nam a22001457a 4500
003 SGT
020 _a9789364446310
082 _a327
_bKUM
100 _aKUMAR ASHOK
245 _aINTERNATIONAL RELATIONS
_bFOR CIVIL SERVICES AND STATE SERVICES EXAMINATIONS
250 _a2ND
260 _aINDIA
_bMC GRAW HILL
_c2026
300 _a325
942 _2ddc
_cBK
999 _c33227
_d33227